Informática jurídica y derecho informático / (Registro nro. 8432)

Detalles MARC
000 -LEADER
fixed length control field 00829nam a2200205Ia 4500
003 - CONTROL NUMBER IDENTIFIER
control field OSt
005 - DATE AND TIME OF LATEST TRANSACTION
control field 20210827105437.0
008 - FIXED-LENGTH DATA ELEMENTS--GENERAL INFORMATION
fixed length control field 210310q1996 ck ad fr 000 0 spa d
040 ## - CATALOGING SOURCE
Original cataloging agency CO-JMCR
Transcribing agency CO-JMCR
041 0# - LANGUAGE CODE
Language code of text/sound track or separate title spa
082 04 - DEWEY DECIMAL CLASSIFICATION NUMBER
Classification number 340.0285 /
Item number U588i
Edition number 23
110 2# - MAIN ENTRY--CORPORATE NAME
Corporate name or jurisdiction name as entry element Universidad Pontificia Bolivariana
9 (RLIN) 39764
245 10 - TITLE STATEMENT
Title Informática jurídica y derecho informático /
Statement of responsibility, etc. Universidad Pontificia Bolivariana
260 ## - PUBLICATION, DISTRIBUTION, ETC.
Place of publication, distribution, etc. Medellín :
Name of publisher, distributor, etc. Señal Editorial,
Date of publication, distribution, etc. [1996?]
300 ## - PHYSICAL DESCRIPTION
Extent 287 páginas :
Other physical details ilustraciones y gráficas a blanco y negro ;
Dimensions 21 cm.
500 ## - GENERAL NOTE
General note Incluye notas a pie de página.
505 0# - FORMATTED CONTENTS NOTE
Formatted contents note Informática jurídica documental -- Informática jurídica de gestión -- Derecho informático -- Tecnología informática
650 14 - SUBJECT ADDED ENTRY--TOPICAL TERM
Topical term or geographic name entry element Derecho
9 (RLIN) 17255
General subdivision Procesamiento electrónico de datos
942 ## - ADDED ENTRY ELEMENTS (KOHA)
Source of classification or shelving scheme Dewey Decimal Classification
Koha item type Books
Existencias
Withdrawn status Lost status Source of classification or shelving scheme Damaged status Not for loan Collection code Home library Current library Date acquired Source of acquisition Full call number Barcode Date last seen Copy number Koha item type
    Dewey Decimal Classification     Non-fiction Biblioteca Pública José María del Castillo y Rada Biblioteca Pública José María del Castillo y Rada 04/15/2018 Donación 340.0285 / U588i 430006387 05/16/2024 Ej.1 Books